| 000 | 01494cab a2200253 4500 | ||
|---|---|---|---|
| 001 | ##L135251 | ||
| 008 | 061009n2006 000 0 eng u | ||
| 035 | _a(Sirsi) u135251 | ||
| 041 | 0 | _aeng | |
| 100 | 1 | _aThornton-Kemsley, Ian | |
| 245 | 0 | 0 | _aSending the right signals |
| 260 | _c2006 | ||
| 490 | 0 |
_aJournal of the Law Society of Scotland _v51(9) September, 52-54(3) |
|
| 520 | _aRecommends that tenants (and their advisers) who are leasing their land for telecommunications masts be aware of industry practices adopted by the major operators. Leases are unusually for the property market produced by the tenants. Focuses on the Electronic Communications Code (Telecommunications Act 1984 Sched 2 as amended) that governs telecommunications agreements. Outlines the principal Code powers and discusses the lease terms in respect of rent review patterns, rent review mechanism, dispute resolution, assignation, equipment restrictions, reinstatement, site sharing and street works. Table covers rental growth in the telecommunications and other sectors. | ||
| 590 | _aIKA171006 | ||
| 650 | 2 | 4 | _aTELECOMMUNICATIONS ACT 1984 SCHED 2 |
| 650 | 2 | 4 | _aCOMMUNICATIONS ACT 2003 |
| 650 | 2 | 4 | _aRENFREW DC V AB LEISURE (RENFREW) |
| 650 | 2 | 4 | _aBRADOR PROPERTIES V BRITISH TELECOMMUNICATIONS PLC |
| 650 | 2 | 4 | _aNEW ROADS AND STREET WORKS ACT 1991 |
| 651 | 4 |
_aScotland _y1999- |
|
| 690 | _aPROPERTY-INFRASTRUCTURE-TELECOMMUNICATIONS INFRASTRUCTURE-TELECOMMUNICATIONS FACILITIES | ||
| 942 | _n0 | ||
| 999 |
_c77839 _d77839 |
||